Magyarország megyéi a térképen - Statistics

General Stats
  • This quiz has been taken 48 times
  • The average score is 18 of 20
Answers on the Map
Answers color-coded by a green-red scale on the quiz's map according to % correct below.
 
Answer Stats
Megye % Correct
Budapest
100%
Pest
100%
Zala
97%
Borsod-Abaúj-Zemplén
94%
Fejér
94%
Komárom-Esztergom
94%
Tolna
94%
Vas
94%
Győr-Moson-Sopron
91%
Heves
91%
Baranya
88%
Békés
88%
Nógrád
88%
Csongrád-Csanád
85%
Jász-Nagykun-Szolnok
85%
Veszprém
85%
Hajdú-Bihar
82%
Szabolcs-Szatmár-Bereg
82%
Bács-Kiskun
76%
Somogy
68%
No matching quizzes found
Score Distribution
Percent of People with Each Score
Percentile by Number Answered
Your Score History
You have not taken this quiz